[Event "American Continental 17th"]
[Site "Juan Dolio"]
[Date "2023.05.20"]
[Round "8"]
[White "Dominguez, Jose Manuel"]
[Black "Abreu Jean, Carlos Paul"]
[Result "1-0"]
[WhiteElo "2175"]
[BlackElo "2357"]
[PlyCount "65"]
[EventDate "2023.05.15"]
[EventType "swiss"]
[EventRounds "11"]
[EventCountry "DOM"]
[SourceTitle "CBM 214 Extra"]
[Source "ChessBase"]
[SourceDate "2023.07.31"]
[SourceVersion "1"]
[SourceVersionDate "2023.07.31"]
[SourceQuality "1"]

1. Nf3 d5 2. b4 Bf5 3. Bb2 e6 4. a3 Nf6 5. e3 Nbd7 6. Be2 Bd6 7. Nh4 Bg6 8. c4 c6 9. d3 dxc4 10. dxc4 Be5 11. Nc3 Ne4 12. Nxg6 Nxc3 13. Nxe5 Nxd1 14. Rxd1 0-0 15. Nxd7 Qg5 16. Nxf8 Qxg2 17. Rf1 Kxf8 18. Rd4 Qxh2 19. Bf3 Qh3 20. Ke2 Qf5 21. Be4 Qh5+ 22. Ke1 e5 23. Rd2 Qh4 24. Bf3 Qxc4 25. Bxe5 Qc1+ 26. Ke2 Qc4+ 27. Ke1 Qc1+ 28. Bd1 Qxa3 29. Rg1 f6 30. Bd6+ Kg8 31. Bc5 b6 32. Rd7 Qc3+ 33. Kf1 1-0

[Event "DOM-ch"]
[Site "Santo Domingo"]
[Date "2023.03.05"]
[Round "8"]
[White "Araujo Sanchez, Josue"]
[Black "Abreu Jean, Carlos Paul"]
[Result "1/2-1/2"]
[WhiteElo "2306"]
[BlackElo "2333"]
[PlyCount "53"]
[EventDate "2023.02.24"]
[EventType "swiss"]
[EventRounds "11"]
[EventCountry "DOM"]
[SourceTitle "CBM 213 Extra"]
[Source "ChessBase"]
[SourceDate "2023.05.31"]
[SourceVersion "1"]
[SourceVersionDate "2023.05.31"]
[SourceQuality "1"]

1. c4 Nf6 2. Nc3 e5 3. g3 Bb4 4. Bg2 0-0 5. e4 Bxc3 6. dxc3 d6 7. Qe2 Be6 8. Nf3 h6 9. 0-0 Qd7 10. Re1 Qc6 11. b3 Bg4 12. h3 Bxf3 13. Qxf3 Nbd7 14. Be3 Rfd8 15. Kh2 Nh7 16. Qd1 Ndf6 17. Qc2 h5 18. f4 Qe8 19. f5 Qe7 20. Rad1 Nd7 21. Qd2 h4 22. g4 Ndf6 23. Bf3 g5 24. Kg2 Ne8 25. Be2 c5 26. a4 a5 27. Rf1 1/2-1/2

[Event "DOM-ch"]
[Site "Santo Domingo"]
[Date "2022.02.20"]
[Round "4"]
[White "Abreu Jean, Carlos Paul"]
[Black "Mesa Cruz, Juan Carlos"]
[Result "0-1"]
[WhiteElo "2365"]
[BlackElo "1994"]
[PlyCount "108"]
[EventDate "2022.02.18"]
[EventType "swiss"]
[EventRounds "11"]
[EventCountry "DOM"]
[SourceTitle "EXT 2023"]
[Source "ChessBase"]
[SourceDate "2022.10.05"]
[SourceVersion "1"]
[SourceVersionDate "2022.10.05"]
[SourceQuality "1"]

1. d4 Nf6 2. c4 e6 3. g3 d5 4. Nf3 dxc4 5. Bg2 a6 6. 0-0 Nc6 7. e3 Bd7 8. Qe2 Bd6 9. Qxc4 0-0 10. Rd1 Qe7 11. Nbd2 Rab8 12. Qc2 Nb4 13. Qb1 Bb5 14. Nf1 Bc6 15. N1d2 Bb5 16. Nb3 Bc6 17. Nh4 Bxg2 18. Kxg2 Qd7 19. e4 Qc6 20. f3 Rfd8 21. Bg5 Be7 22. a3 Qc4 23. Nc1 Qc2+ 24. Rd2 Qxb1 25. Rxb1 Nc6 26. Be3 g5 27. d5 exd5 28. Nf5 dxe4 29. Nxe7+ Nxe7 30. Rxd8+ Rxd8 31. Bxg5 exf3+ 32. Kxf3 Rd5 33. Bf4 c5 34. Na2 Rd3+ 35. Ke2 c4 36. Rc1 b5 37. Nb4 Rb3 38. Nxa6 Rxb2+ 39. Kf3 Rb3+ 40. Kg2 Rxa3 41. Nc7 Rb3 42. Rd1 Kg7 43. Be5 Nf5 44. Ra1 Ne3+ 45. Kh3 Neg4 46. Ne8+ Kg6 47. Bxf6 Nxf6 48. Ra6 Rf3 49. Kg2 Rf5 50. g4 Re5 51. Rxf6+ Kg5 52. Rf5+ Rxf5 53. gxf5 c3 54. h4+ Kxh4 0-1

[Event "DOM-ch"]
[Site "Santo Domingo"]
[Date "2021.05.23"]
[Round "11"]
[White "Eusebio Perez, Hector Eduardo"]
[Black "Abreu Jean, Carlos Paul"]
[Result "0-1"]
[WhiteElo "2176"]
[BlackElo "2382"]
[PlyCount "78"]
[EventDate "2021.05.07"]
[EventType "swiss"]
[EventRounds "11"]
[EventCountry "DOM"]
[SourceTitle "CBM 203 Extra"]
[Source "ChessBase"]
[SourceDate "2021.09.30"]
[SourceVersion "1"]
[SourceVersionDate "2021.09.30"]
[SourceQuality "1"]

1. e4 c5 2. Nf3 d6 3. d4 cxd4 4. Nxd4 Nf6 5. Nc3 a6 6. Bc4 e6 7. Bb3 b5 8. a3 Be7 9. 0-0 0-0 10. f4 Bb7 11. f5 e5 12. Nde2 Nbd7 13. Ng3 Rc8 14. Bg5 Rxc3 15. bxc3 Nxe4 16. Bxe7 Qxe7 17. Nxe4 Bxe4 18. Qd2 Nf6 19. a4 d5 20. axb5 axb5 21. Qe3 Ng4 22. Qg3 Qc5+ 23. Kh1 Ne3 24. Rg1 Bxf5 25. Rge1 d4 26. cxd4 exd4 27. Qf4 g6 28. Rac1 b4 29. Re2 Qc3 30. Qf2 Kg7 31. h3 h5 32. Rce1 Re8 33. Kg1 Re4 34. Rd2 Qc5 35. Ra1 Qe5 36. Qf3 Rf4 37. Qb7 Be4 38. Qxb4 Bxg2 39. Re1 Bxh3 0-1

[Event "DOM-ch"]
[Site "Santo Domingo"]
[Date "2021.05.21"]
[Round "9"]
[White "Guzman, Christopher"]
[Black "Abreu Jean, Carlos Paul"]
[Result "1/2-1/2"]
[WhiteElo "2258"]
[BlackElo "2382"]
[PlyCount "107"]
[EventDate "2021.05.07"]
[EventType "swiss"]
[EventRounds "11"]
[EventCountry "DOM"]
[SourceTitle "CBM 203 Extra"]
[Source "ChessBase"]
[SourceDate "2021.09.30"]
[SourceVersion "1"]
[SourceVersionDate "2021.09.30"]
[SourceQuality "1"]

1. e4 c5 2. Nf3 d6 3. d4 cxd4 4. Nxd4 Nf6 5. Nc3 a6 6. h4 e5 7. Nb3 Be7 8. Bg5 Be6 9. Bxf6 Bxf6 10. g3 Be7 11. Qd2 Nd7 12. 0-0-0 Nf6 13. f4 Qc7 14. f5 Bd7 15. Be2 h5 16. Bf3 Rc8 17. Rh2 Bc6 18. Nd5 Bxd5 19. exd5 Qd7 20. Qd3 Qa4 21. Qd2 Qxa2 22. Qb4 0-0 23. Re2 Rc7 24. Re3 Rfc8 25. Rc3 b5 26. Rxc7 Rxc7 27. Be2 Bf8 28. c3 Nd7 29. Qa5 Qxa5 30. Nxa5 Nf6 31. Nc6 Nxd5 32. Rxd5 Rxc6 33. Bxh5 Rc7 34. Kc2 Kh7 35. Be2 g6 36. Bd3 Kh6 37. fxg6 fxg6 38. Be4 g5 39. hxg5+ Kxg5 40. Rd1 Kg4 41. Ra1 Kxg3 42. Rxa6 Kf4 43. Bc6 e4 44. Bxb5 e3 45. Be2 Rc5 46. Ra4+ Kg3 47. Kd3 Rd5+ 48. Rd4 Rxd4+ 49. cxd4 Kf2 50. d5 Be7 51. Bh5 Bd8 52. Be2 Bb6 53. Bh5 Bc5 54. Be2 1/2-1/2

[Event "DOM-ch"]
[Site "Santo Domingo"]
[Date "2021.05.16"]
[Round "8"]
[White "Martinez Castillo, Julio Antonio"]
[Black "Abreu Jean, Carlos Paul"]
[Result "1/2-1/2"]
[WhiteElo "2152"]
[BlackElo "2382"]
[PlyCount "84"]
[EventDate "2021.05.07"]
[EventType "swiss"]
[EventRounds "11"]
[EventCountry "DOM"]
[SourceTitle "CBM 203 Extra"]
[Source "ChessBase"]
[SourceDate "2021.09.30"]
[SourceVersion "1"]
[SourceVersionDate "2021.09.30"]
[SourceQuality "1"]

1. e4 c5 2. Nf3 d6 3. d4 cxd4 4. Nxd4 Nf6 5. Nc3 a6 6. Bc4 e6 7. Bb3 b5 8. f4 Bb7 9. 0-0 Be7 10. e5 dxe5 11. fxe5 Bc5 12. Be3 Bxd4 13. Bxd4 Nc6 14. exf6 Qxd4+ 15. Qxd4 Nxd4 16. Rad1 Rd8 17. Nd5 gxf6 18. Rxd4 Bxd5 19. Bxd5 Ke7 20. Re1 Kf8 21. Red1 Rxd5 22. Rxd5 exd5 23. Rxd5 Ke7 24. Kf2 Ke6 25. Rc5 Kd6 26. b4 Rg8 27. c4 Rg4 28. cxb5 Rxb4 29. Rc6+ Ke5 30. bxa6 Rb2+ 31. Kg3 Rxa2 32. h3 Kf5 33. Kf3 h5 34. Ke3 h4 35. Kd4 Kf4 36. Kc5 Kg3 37. Rxf6 Kxg2 38. Kb6 Kxh3 39. a7 Kg2 40. Rxf7 h3 41. Rg7+ Kf1 42. Rc7 Rxa7 1/2-1/2

[Event "DOM-ch"]
[Site "Santo Domingo"]
[Date "2021.05.14"]
[Round "5"]
[White "Abreu Jean, Carlos Paul"]
[Black "Jimenez Jimenez, Leandro"]
[Result "1-0"]
[WhiteElo "2382"]
[BlackElo "2037"]
[PlyCount "113"]
[EventDate "2021.05.07"]
[EventType "swiss"]
[EventRounds "11"]
[EventCountry "DOM"]
[SourceTitle "CBM 203 Extra"]
[Source "ChessBase"]
[SourceDate "2021.09.30"]
[SourceVersion "1"]
[SourceVersionDate "2021.09.30"]
[SourceQuality "1"]

1. d4 d5 2. c4 dxc4 3. Nf3 Nf6 4. g3 c6 5. Bg2 g6 6. Na3 Be6 7. Ne5 Bd5 8. f3 b5 9. 0-0 Bg7 10. e4 Be6 11. Be3 a6 12. Qe2 Nfd7 13. f4 Nxe5 14. dxe5 0-0 15. Nc2 Qc7 16. Nd4 Bc8 17. Rfc1 c5 18. Nf3 Bb7 19. Bf2 Nc6 20. b3 Na5 21. Nd2 cxb3 22. axb3 c4 23. bxc4 bxc4 24. Rab1 Qd7 25. Nxc4 Nxc4 26. Rxc4 Rfc8 27. Rd4 Qc7 28. Rdb4 Bc6 29. Bb6 Qd7 30. Qa2 Bb5 31. Bf2 e6 32. Rd4 Qc7 33. Rbd1 Bf8 34. Rd6 Bxd6 35. exd6 Qc2 36. Qa1 Qc3 37. d7 Bxd7 38. Qxc3 Rxc3 39. Rxd7 Rc1+ 40. Bf1 a5 41. Rd3 Rb8 42. Kg2 Rb2 43. Rd8+ Kg7 44. Bd3 e5 45. fxe5 Rd1 46. Kf3 Rbd2 47. Ke3 a4 48. Rd5 a3 49. Bc4 Rxd5 50. exd5 Kf8 51. d6 f6 52. Ke2 Rb1 53. e6 a2 54. Bxa2 Rb2+ 55. Kf3 Rxa2 56. Bc5 Ke8 57. d7+ 1-0

[Event "Santo Domingo op 08"]
[Site "Santo Domingo"]
[Date "2019.08.19"]
[Round "5"]
[White "Abreu Jean, Carlos Paul"]
[Black "Guzman, Christopher"]
[Result "1/2-1/2"]
[WhiteElo "2345"]
[BlackElo "2249"]
[PlyCount "122"]
[EventDate "2019.08.12"]
[EventType "swiss"]
[EventRounds "8"]
[EventCountry "DOM"]
[SourceTitle "EXT 2020"]
[Source "ChessBase"]
[SourceDate "2019.10.17"]
[SourceVersion "1"]
[SourceVersionDate "2019.10.17"]
[SourceQuality "1"]

1. d4 Nf6 2. c4 e6 3. Nc3 d5 4. cxd5 exd5 5. Bg5 c6 6. e3 h6 7. Bh4 Bd6 8. Bd3 Be6 9. Qb3 Qb6 10. Bxf6 Qxb3 11. axb3 gxf6 12. Nge2 Ke7 13. 0-0 h5 14. Ng3 Bc7 15. b4 Nd7 16. b5 c5 17. Nf5+ Kd8 18. dxc5 Nxc5 19. Bc2 Be5 20. Nxd5 Bxd5 21. Rad1 Kc7 22. Rxd5 Ne6 23. b3 Kb6 24. f4 Bb2 25. Nd6 Kc7 26. Rfd1 Rhd8 27. Nxf7 Rxd5 28. Rxd5 Rf8 29. Nh6 Ng7 30. Nf5 Nxf5 31. Bxf5 Rf7 32. h4 Kb6 33. g4 hxg4 34. h5 Bc1 35. Kf2 Re7 36. Rd6+ Kxb5 37. Re6 Rxe6 38. Bxe6 f5 39. Bxf5 g3+ 40. Kxg3 Bxe3 41. h6 Kc5 42. h7 Bd4 43. Kg4 Kd6 44. Kg5 Ke7 45. Bc8 b6 46. Ba6 Bh8 47. b4 Bc3 48. b5 Bh8 49. Bb7 Bg7 50. Bd5 Bh8 51. Kf5 Bg7 52. Ke4 Kd6 53. Bb7 Bh8 54. Ba8 Bg7 55. Kf5 Ke7 56. Kg6 Bh8 57. Kf5 Bg7 58. Ke4 Kd6 59. Bb7 Bh8 60. f5 Bg7 61. Kf4 Ke7 1/2-1/2

[Event "DOM-ch"]
[Site "Santo Domingo"]
[Date "2019.05.10"]
[Round "9"]
[White "Abreu Jean, Carlos Paul"]
[Black "Munoz Santana, Jose Lisandro"]
[Result "1-0"]
[WhiteElo "2351"]
[BlackElo "2425"]
[PlyCount "97"]
[EventDate "2019.04.26"]
[EventType "swiss"]
[EventRounds "11"]
[EventCountry "DOM"]
[SourceTitle "CBM 190 Extra"]
[Source "ChessBase"]
[SourceDate "2019.07.15"]
[SourceVersion "1"]
[SourceVersionDate "2019.07.15"]
[SourceQuality "1"]

1. d4 Nf6 2. Nf3 d5 3. Bf4 c5 4. e3 Nc6 5. c3 Qb6 6. Qb3 c4 7. Qc2 Bf5 8. Qc1 e6 9. h3 Be7 10. Be2 h6 11. Nbd2 0-0 12. 0-0 Rfc8 13. Bd1 Qd8 14. Bc2 b5 15. Re1 b4 16. e4 dxe4 17. Nxe4 Nd5 18. Bd2 a5 19. g4 Bh7 20. g5 hxg5 21. Nexg5 Bf5 22. Ba4 f6 23. Nxe6 Qd7 24. Nf4 Bxh3 25. Nh2 Nxf4 26. Bxf4 g5 27. Bg3 Qd5 28. f3 Bd6 29. Bxd6 Qxd6 30. Kh1 Ne7 31. Bc2 Kf7 32. Be4 Rab8 33. Re2 Be6 34. Qd2 Nd5 35. Bxd5 Bxd5 36. Rae1 Rb7 37. Qc2 Rh8 38. Qf5 Qd7 39. Re7+ Qxe7 40. Rxe7+ Rxe7 41. Qxd5+ Kg7 42. Kg1 Re1+ 43. Nf1 bxc3 44. bxc3 Rb8 45. Qxa5 Rb2 46. Qc7+ Kg6 47. Qxc4 Ree2 48. Qd3+ Kg7 49. d5 1-0

[Event "DOM-ch"]
[Site "Santo Domingo"]
[Date "2019.05.03"]
[Round "5"]
[White "Abreu Jean, Carlos Paul"]
[Black "Campusano Espinosa, Zoilo Nelson"]
[Result "1-0"]
[WhiteElo "2351"]
[BlackElo "2080"]
[PlyCount "61"]
[EventDate "2019.04.26"]
[EventType "swiss"]
[EventRounds "11"]
[EventCountry "DOM"]
[SourceTitle "CBM 190 Extra"]
[Source "ChessBase"]
[SourceDate "2019.07.15"]
[SourceVersion "1"]
[SourceVersionDate "2019.07.15"]
[SourceQuality "1"]

1. d4 Nf6 2. Nf3 d5 3. Bg5 h6 4. Bh4 c6 5. Nbd2 Bf5 6. Bxf6 gxf6 7. g3 Nd7 8. Bg2 e5 9. 0-0 e4 10. Nh4 Be6 11. e3 h5 12. f3 exf3 13. Qxf3 Qb6 14. Rab1 Bh6 15. Kh1 0-0-0 16. Qf2 Rde8 17. Rfe1 Bg5 18. Ndf3 Bh6 19. c4 Kb8 20. c5 Qc7 21. b4 Re7 22. b5 Rhe8 23. bxc6 Qxc6 24. Nd2 Ka8 25. Nc4 Rb8 26. Nd6 b6 27. Ndf5 Bf8 28. Nxe7 Bxe7 29. e4 bxc5 30. Rxb8+ Kxb8 31. exd5 1-0

[Event "Olympiad-43"]
[Site "Batumi"]
[Date "2018.10.03"]
[Round "9.2"]
[White "Abreu Jean, Carlos Paul"]
[Black "Baules Rodriguez, Jorge Luis"]
[Result "1/2-1/2"]
[WhiteElo "2310"]
[BlackElo "2358"]
[PlyCount "62"]
[EventDate "2018.09.24"]
[EventType "team-swiss"]
[EventRounds "11"]
[EventCountry "GEO"]
[SourceTitle "CBM 187"]
[Source "ChessBase"]
[SourceDate "2018.12.11"]
[SourceVersion "1"]
[SourceVersionDate "2018.12.11"]
[SourceQuality "1"]
[WhiteTeam "Dominican Republic"]
[BlackTeam "Panama"]
[WhiteTeamCountry "DOM"]
[BlackTeamCountry "PAN"]

1. d4 Nf6 2. Nf3 g6 3. Bg5 Bg7 4. c3 c5 5. e3 0-0 6. Nbd2 d6 7. Be2 b6 8. 0-0 Bb7 9. Qb1 h6 10. Bh4 Nc6 11. Rd1 Qc7 12. a3 Rfe8 13. Bc4 e6 14. b4 Ne7 15. Bb5 Rec8 16. Rc1 Nf5 17. Bxf6 Bxf6 18. Bd3 Ne7 19. Be4 d5 20. Bd3 Rab8 21. Bf1 Bg7 22. Nb3 cxd4 23. cxd4 Qd6 24. Qb2 Rxc1 25. Rxc1 Rc8 26. Rxc8+ Bxc8 27. Qc3 Bd7 28. Nc1 Kf8 29. h3 Qc6 30. Qb2 Qc7 31. Ne5 Be8 1/2-1/2

[Event "Olympiad-43"]
[Site "Batumi"]
[Date "2018.09.30"]
[Round "6.38"]
[White "Abreu Jean, Carlos Paul"]
[Black "Harper, Ryan"]
[Result "1-0"]
[WhiteElo "2310"]
[BlackElo "2226"]
[PlyCount "151"]
[EventDate "2018.09.24"]
[EventType "team-swiss"]
[EventRounds "11"]
[EventCountry "GEO"]
[SourceTitle "CBM 187"]
[Source "ChessBase"]
[SourceDate "2018.12.11"]
[SourceVersion "1"]
[SourceVersionDate "2018.12.11"]
[SourceQuality "1"]
[WhiteTeam "Dominican Republic"]
[BlackTeam "Trinidad and Tobago"]
[WhiteTeamCountry "DOM"]
[BlackTeamCountry "TRI"]

1. d4 Nf6 2. c4 e6 3. Nc3 Bb4 4. e3 0-0 5. Bd3 c5 6. Nge2 d5 7. cxd5 cxd4 8. exd4 Nxd5 9. a3 Be7 10. 0-0 Nc6 11. Qc2 h6 12. Rd1 Bf6 13. Bc4 Nce7 14. Ba2 Re8 15. Bb1 Ng6 16. Nxd5 exd5 17. Nf4 Nf8 18. Be3 Bg4 19. Rf1 g5 20. Nd3 Bf5 21. Qd1 b6 22. Qh5 Kg7 23. Ne5 Bg6 24. Qd1 Bxb1 25. Rxb1 Ng6 26. f4 gxf4 27. Bxf4 Bxe5 28. dxe5 Nxf4 29. Rxf4 Rxe5 30. Qd4 Qe7 31. b4 f6 32. Rbf1 Rf8 33. Rg4+ Rg5 34. h4 Rxg4 35. Qxg4+ Kh8 36. Qf4 Kg7 37. Rf3 Qe1+ 38. Kh2 Qe5 39. Rg3+ Kf7 40. Qxh6 Ke7 41. Qg6 d4 42. Kh3 Qe6+ 43. Qg4 Rd8 44. Rd3 Qe5 45. Qf3 Rc8 46. h5 f5 47. Qb7+ Rc7 48. Qb8 f4 49. Kg4 Kd7 50. Qa8 Ke6 51. Qe8+ Kd5 52. Qd8+ Ke4 53. Rxd4+ Ke3 54. Rd3+ Ke4 55. Rf3 Qf5+ 56. Kh4 Rd7 57. Qe8+ Kd4 58. Qg6 Qxg6 59. hxg6 Ke5 60. Kg5 Rd2 61. g3 fxg3 62. Re3+ Kd6 63. Rxg3 Ke7 64. Rc3 a5 65. bxa5 bxa5 66. Kh6 Rh2+ 67. Kg7 Kd6 68. Re3 Rg2 69. Kf7 Rf2+ 70. Kg8 Rg2 71. g7 Rg4 72. Rh3 Ke7 73. Kh8 Kf7 74. Rf3+ Ke7 75. g8Q Rh4+ 76. Qh7+ 1-0

[Event "Olympiad-43"]
[Site "Batumi"]
[Date "2018.09.28"]
[Round "5.51"]
[White "Rocha, Maximiliano"]
[Black "Abreu Jean, Carlos Paul"]
[Result "0-1"]
[WhiteElo "2185"]
[BlackElo "2310"]
[PlyCount "117"]
[EventDate "2018.09.24"]
[EventType "team-swiss"]
[EventRounds "11"]
[EventCountry "GEO"]
[SourceTitle "CBM 187"]
[Source "ChessBase"]
[SourceDate "2018.12.11"]
[SourceVersion "1"]
[SourceVersionDate "2018.12.11"]
[SourceQuality "1"]
[WhiteTeam "Nicaragua"]
[BlackTeam "Dominican Republic"]
[WhiteTeamCountry "NCA"]
[BlackTeamCountry "DOM"]

1. e4 Nf6 2. e5 Nd5 3. d4 d6 4. Nf3 dxe5 5. Nxe5 c6 6. Bc4 g6 7. Qf3 Be6 8. Nc3 Bg7 9. Nxd5 Bxd5 10. Bxd5 Qxd5 11. Qxd5 cxd5 12. Nf3 Nc6 13. c3 f6 14. Be3 Kf7 15. 0-0-0 b5 16. Kb1 Rhc8 17. Ne1 e6 18. Nd3 Bf8 19. g4 h6 20. h4 a6 21. f4 Re8 22. Bc1 h5 23. g5 f5 24. b4 Bd6 25. Rh2 Nb8 26. a3 Nd7 27. Ra2 Nb6 28. Re1 Rac8 29. Rc2 Nc4 30. Ree2 a5 31. Rf2 Rc6 32. Rfe2 Rec8 33. Ka2 Ra8 34. Kb1 Rca6 35. Ra2 Nb6 36. Rec2 Ke7 37. Bd2 Nc4 38. Bc1 Kd7 39. Re2 R6a7 40. Nb2 axb4 41. Nxc4 dxc4 42. cxb4 Re8 43. Re1 Kc6 44. Kb2 Ra4 45. Re2 Kd5 46. Kc3 Rea8 47. Rac2 R8a6 48. Re1 Rxa3+ 49. Bxa3 Rxa3+ 50. Kb2 Rb3+ 51. Ka2 Rxb4 52. Rce2 Ra4+ 53. Kb1 b4 54. Rxe6 b3 55. Rxd6+ Kxd6 56. Re5 c3 57. Rc5 c2+ 58. Kb2 Rxd4 59. Kxb3 0-1

[Event "Olympiad-43"]
[Site "Batumi"]
[Date "2018.09.27"]
[Round "4.44"]
[White "Abreu Jean, Carlos Paul"]
[Black "Barros Rivadeneira, Cristhian"]
[Result "0-1"]
[WhiteElo "2310"]
[BlackElo "2345"]
[PlyCount "68"]
[EventDate "2018.09.24"]
[EventType "team-swiss"]
[EventRounds "11"]
[EventCountry "GEO"]
[SourceTitle "CBM 187"]
[Source "ChessBase"]
[SourceDate "2018.12.11"]
[SourceVersion "1"]
[SourceVersionDate "2018.12.11"]
[SourceQuality "1"]
[WhiteTeam "Dominican Republic"]
[BlackTeam "Ecuador"]
[WhiteTeamCountry "DOM"]
[BlackTeamCountry "ECU"]

1. e4 c5 2. Nf3 Nc6 3. Bb5 g6 4. c3 Bg7 5. d4 Qb6 6. Ba4 cxd4 7. 0-0 Nf6 8. e5 Ne4 9. cxd4 0-0 10. Bb3 e6 11. Nc3 d5 12. exd6 Nxd6 13. d5 Nd4 14. Nxd4 Qxd4 15. Bg5 Nf5 16. Qe2 exd5 17. Bxd5 Bd7 18. Rad1 Qb6 19. Qd2 h6 20. Bf4 Rad8 21. g4 Ne7 22. h3 Be6 23. Be3 Qa6 24. Bc5 Nxd5 25. Bxf8 Bxf8 26. Ne4 Qxa2 27. f4 Qa4 28. Nf6+ Kg7 29. f5 Bc5+ 30. Kh1 Nxf6 31. Qxd8 Qe4+ 32. Kh2 Qe2+ 33. Kg3 Ne4+ 34. Kh4 Bf2+ 0-1

[Event "Olympiad-43"]
[Site "Batumi"]
[Date "2018.09.25"]
[Round "2.2"]
[White "Abreu Jean, Carlos Paul"]
[Black "Perez Candelario, Manuel"]
[Result "1/2-1/2"]
[WhiteElo "2310"]
[BlackElo "2590"]
[PlyCount "118"]
[EventDate "2018.09.24"]
[EventType "team-swiss"]
[EventRounds "11"]
[EventCountry "GEO"]
[SourceTitle "CBM 187"]
[Source "ChessBase"]
[SourceDate "2018.12.11"]
[SourceVersion "1"]
[SourceVersionDate "2018.12.11"]
[SourceQuality "1"]
[WhiteTeam "Dominican Republic"]
[BlackTeam "Spain"]
[WhiteTeamCountry "DOM"]
[BlackTeamCountry "ESP"]

1. d4 g6 2. Nf3 Bg7 3. c3 d6 4. e4 Nf6 5. Bd3 0-0 6. 0-0 Nc6 7. Bg5 h6 8. Bh4 e5 9. dxe5 dxe5 10. Bxf6 Qxf6 11. Nbd2 h5 12. Nc4 Rd8 13. Qe2 Bg4 14. Rfd1 Bxf3 15. Qxf3 Qxf3 16. gxf3 Kf8 17. Kf1 a6 18. Ke2 Ke8 19. a4 Rd7 20. Ne3 Nd8 21. Bc4 Rxd1 22. Rxd1 a5 23. Bb5+ c6 24. Bc4 Ke7 25. Bb3 Ne6 26. Bxe6 Kxe6 27. Nc4 Bf8 28. Nb6 Ra6 29. Nc4 Be7 30. Rd3 b5 31. axb5 cxb5 32. Ne3 a4 33. Nd5 Bd6 34. Rd2 a3 35. bxa3 Rxa3 36. Rb2 Ra5 37. Ke3 Kd7 38. Ke2 Kc6 39. Kf1 Ra4 40. Rd2 f5 41. exf5 gxf5 42. Ne3 f4 43. Nd5 e4 44. Kg2 e3 45. fxe3 fxe3 46. Nxe3 Bf4 47. Re2 Kc5 48. Nd1 Bc7 49. Nf2 Kc4 50. Ne4 Kd3 51. Rb2 Ke3 52. Nf6 Be5 53. Nd5+ Kd3 54. f4 Bd6 55. Kf3 Ra1 56. Ne3 Ra4 57. Nd5 Ra1 58. Ne3 Ra4 59. Nd5 Ra1 1/2-1/2

[Event "DOM-ch"]
[Site "Santo Domingo"]
[Date "2018.05.05"]
[Round "10"]
[White "Camacho Campusano, David Daniel"]
[Black "Abreu Jean, Carlos Paul"]
[Result "1-0"]
[WhiteElo "2091"]
[BlackElo "2352"]
[PlyCount "89"]
[EventDate "2018.04.20"]
[EventType "swiss"]
[EventRounds "11"]
[EventCountry "DOM"]
[SourceTitle "CBM 184 Extra"]
[Source "ChessBase"]
[SourceDate "2018.06.28"]
[SourceVersion "1"]
[SourceVersionDate "2018.06.28"]
[SourceQuality "1"]

1. e4 c5 2. Nf3 Nc6 3. d4 cxd4 4. Nxd4 Nf6 5. Nc3 d6 6. Bg5 e6 7. Qd2 a6 8. Nxc6 bxc6 9. 0-0-0 Be7 10. Bxf6 gxf6 11. Bc4 Qa5 12. Rhe1 Bd7 13. Bb3 Qh5 14. h3 Rg8 15. f4 a5 16. Kb1 Rd8 17. Re2 Kf8 18. Qe3 Qh4 19. Rd3 c5 20. a4 Qh6 21. Bc4 Kg7 22. Qf2 Kh8 23. g4 Rb8 24. Qg3 Rb4 25. b3 Rgb8 26. Nb5 Bxb5 27. axb5 f5 28. exf5 d5 29. Bxd5 Rxf4 30. fxe6 Bd6 31. Qe1 Qf6 32. g5 Qxg5 33. exf7 Rf8 34. Qc3+ Qf6 35. Qxf6+ Rxf6 36. Re8 Rf1+ 37. Ka2 Kg7 38. Bc4 Rf6 39. Rde3 Rf2 40. Re2 Rf4 41. Rg2+ Kf6 42. Re6+ Kxf7 43. Rxd6+ Ke7 44. Re6+ Kd7 45. Rg7+ 1-0

[Event "DOM-ch"]
[Site "Santo Domingo"]
[Date "2018.04.29"]
[Round "8"]
[White "Guzman, Christopher"]
[Black "Abreu Jean, Carlos Paul"]
[Result "1/2-1/2"]
[WhiteElo "2286"]
[BlackElo "2352"]
[PlyCount "91"]
[EventDate "2018.04.20"]
[EventType "swiss"]
[EventRounds "11"]
[EventCountry "DOM"]
[SourceTitle "CBM 184 Extra"]
[Source "ChessBase"]
[SourceDate "2018.06.28"]
[SourceVersion "1"]
[SourceVersionDate "2018.06.28"]
[SourceQuality "1"]

1. e4 c5 2. Nf3 Nc6 3. d4 cxd4 4. Nxd4 Nf6 5. Nc3 d6 6. Bc4 Qb6 7. Nb3 e6 8. Be3 Qd8 9. f4 Be7 10. 0-0 a6 11. Qf3 Qc7 12. Be2 0-0 13. g4 g6 14. g5 Ne8 15. f5 exf5 16. exf5 Bxf5 17. Nd5 Qd8 18. Bb6 Qd7 19. Qe3 Qe6 20. Qd2 Be4 21. Nxe7+ Nxe7 22. Nd4 Qe5 23. c4 Ng7 24. Rae1 d5 25. Bg4 f5 26. gxf6 Rxf6 27. Nf3 Qf4 28. Qxf4 Rxf4 29. Ne5 Raf8 30. Rxf4 Rxf4 31. Be3 Rf5 32. Bxf5 gxf5 33. Bc5 Ng6 34. Nxg6 hxg6 35. cxd5 Bxd5 36. Re7 Ne6 37. Bb4 f4 38. Kf2 f3 39. Rd7 Bc6 40. Rd6 Kf7 41. Rxc6 bxc6 42. Kxf3 Kf6 43. Ke4 Ng5+ 44. Kd4 Ne6+ 45. Ke4 Ng5+ 46. Kd4 1/2-1/2

[Event "DOM-ch"]
[Site "Santo Domingo"]
[Date "2018.04.27"]
[Round "5"]
[White "Abreu Jean, Carlos Paul"]
[Black "Dominguez, Jose Manuel"]
[Result "1-0"]
[WhiteElo "2352"]
[BlackElo "2240"]
[PlyCount "55"]
[EventDate "2018.04.20"]
[EventType "swiss"]
[EventRounds "11"]
[EventCountry "DOM"]
[SourceTitle "CBM 184 Extra"]
[Source "ChessBase"]
[SourceDate "2018.06.28"]
[SourceVersion "1"]
[SourceVersionDate "2018.06.28"]
[SourceQuality "1"]

1. d4 d6 2. Nf3 Nd7 3. c4 c6 4. Nc3 a6 5. g3 b5 6. Bg2 bxc4 7. 0-0 e6 8. Nd2 d5 9. e4 Nb6 10. b3 Bb4 11. Bb2 Ne7 12. bxc4 dxc4 13. a3 Ba5 14. Qh5 Bxc3 15. Bxc3 Na4 16. Ba5 Qxd4 17. Rad1 0-0 18. Nf3 Qxe4 19. Ne5 Qc2 20. Rd2 Qb3 21. Rd8 Ng6 22. Rxf8+ Kxf8 23. Nxc6 Bb7 24. Qxh7 Bxc6 25. Bxc6 Rc8 26. Bxa4 Qxa4 27. Bb4+ Ke8 28. Qg8+ 1-0

[Event "Santo Domingo Independencia op"]
[Site "Santo Domingo"]
[Date "2018.02.17"]
[Round "2"]
[White "Abreu Jean, Carlos Paul"]
[Black "Diaz, Eugenio Daniel"]
[Result "1-0"]
[WhiteElo "2314"]
[BlackElo "1947"]
[PlyCount "81"]
[EventDate "2018.02.16"]
[EventType "swiss"]
[EventRounds "8"]
[EventCountry "DOM"]
[SourceTitle "CBM 187 Extra"]
[Source "ChessBase"]
[SourceDate "2018.11.04"]
[SourceVersion "1"]
[SourceVersionDate "2018.11.04"]
[SourceQuality "1"]

1. d4 Nf6 2. Nf3 e6 3. Bg5 d5 4. e3 Be7 5. Nbd2 c5 6. c3 Nc6 7. Bd3 Bd7 8. h3 a6 9. 0-0 c4 10. Bc2 b5 11. Ne5 h6 12. Bf4 a5 13. Ndf3 0-0 14. Nxc6 Bxc6 15. Ne5 Bb7 16. Bb1 g5 17. Bh2 b4 18. Qc2 Ne4 19. f3 a4 20. fxe4 dxe4 21. cxb4 Bxb4 22. a3 Bd6 23. Ng4 Bxh2+ 24. Kxh2 f5 25. Ne5 f4 26. Ba2 Qc7 27. Qxc4 Qxc4 28. Bxc4 Bd5 29. Bxd5 exd5 30. exf4 gxf4 31. Ng6 Rfd8 32. Nxf4 Rab8 33. Rf2 Rb3 34. Rc1 Rb5 35. Rc7 Rf8 36. Re7 Rf5 37. g3 h5 38. h4 Rb8 39. Rc2 Rb6 40. Ne6 Rb8 41. Rcc7 1-0